| 000 | 01371cam a2200385 a 4500 | ||
|---|---|---|---|
| 001 | 15647071 | ||
| 003 | OSt | ||
| 005 | 20140310182856.0 | ||
| 008 | 090305s2008 ph a b 100 0 eng | ||
| 010 | _a 2009316193 | ||
| 020 | _a9789719241898 | ||
| 040 |
_aDLC _cDLC |
||
| 042 |
_alcode _apcc |
||
| 043 | _aa------ | ||
| 050 | 0 | 0 |
_aHD 3424.A8 _b.L433 2008 |
| 082 |
_aFIL 334 _b.L433 2008 |
||
| 245 | 0 | 0 |
_aLearning from experience _bco-op business development centers _c[writer/editor, Cecile S. Abis] |
| 246 | 3 | 0 | _aCo-op business development centers |
| 260 |
_aQuezon City, Philippines _bPublished and distributed by Asian Women in Co-operative Development Forum _c2008 |
||
| 300 |
_aviii, 81 p. _bill. _c26 cm. |
||
| 490 | 0 |
_aAWCF monograph ; _vno. 5 |
|
| 504 | _aIncludes bibliographical references (p. [83]). | ||
| 521 | _aCollege Students | ||
| 526 | _c1210L to 1700L | ||
| 541 | _j1 | ||
| 562 | _eFor Circulation. 1 Copy Available in the Collection | ||
| 650 | 0 |
_aWomen in cooperative societies _zAsia _vCongresses. |
|
| 650 | 0 |
_aWomen in development _zAsia _vCongresses. |
|
| 650 | 0 |
_aWomen in economic development _zAsia _vCongresses. |
|
| 700 | 1 | _aAbis, Cecile S. | |
| 710 | 2 | _aAsian Women in Co-operative Development Forum. | |
| 906 |
_a7 _bcbc _corigode _d3 _encip _f20 _gy-gencatlg |
||
| 942 |
_2lcc _cBK _kFIL |
||
| 999 |
_c17031 _d17031 |
||